00417nam a2200157Ia 4500008004100000020001800041041000800059082001400067100001800081245007500099250001100174260003300185300001000218500001800228650001300246260520s2026 xx 000 0 und d a9789369932535 aeng a657.2/MAR aMarulkar, K V aHire Purchase System and Branch Account B.Com.II, S-IV, P-VI (NEP 2.0) a1st ed aPUNEbNIRALI PRAKASHANc2026 a180p. aCat No: 15236 aCOMMERCE